000
00331nam a22001457a 4500
008
210312b ||||| |||| 00| 0 eng d
020
_a
9780471415015
041
_a
eng
080
_2
10th
_a
611
082
_a
611
100
_a
6
101
_a
ANA
245
_a
Principles of Anatomy & Physiology
_c
Tortora, G.J
942
_2
udc
_c
BK
999
_c
56583
_d
56583